| 000 -LEADER |
| fixed length control field |
00866nam a22001577a 4500 |
| 003 - CONTROL NUMBER IDENTIFIER |
| control field |
OSt |
| 005 - DATE AND TIME OF LATEST TRANSACTION |
| control field |
20151231141311.0 |
| 008 - FIXED-LENGTH DATA ELEMENTS--GENERAL INFORMATION |
| fixed length control field |
151231b xxu||||| |||| 00| 0 eng d |
| 040 ## - CATALOGING SOURCE |
| Transcribing agency |
RUA |
| 082 ## - DEWEY DECIMAL CLASSIFICATION NUMBER |
| Classification number |
LMA THO 2006 B293 Or.1 |
| 100 ## - MAIN ENTRY--PERSONAL NAME |
| 9 (RLIN) |
5857 |
| Personal name |
THO, RATHA. |
| 245 ## - TITLE STATEMENT |
| Title |
The public display of the adjudication document systematic land registration in ou dambang muoy commune, sangkae district, battambang province, ការបិទផ្សាយជាសាធារណៈនូវឯកសារ នៃការវិនិច្ឆ័យក្នុងការចុះបញ្ជីដីធ្លីមានលក្ខណ/ជាប្រព័ន្ធ នៅឃុំអូរដំបង ១ ស្រុកសង្កែ ខេត្តបាត់ដំបង |
| 260 ## - PUBLICATION, DISTRIBUTION, ETC. (IMPRINT) |
| Place of publication, distribution, etc. |
Phnom Penh |
| Name of publisher, distributor, etc. |
RUA |
| Date of publication, distribution, etc. |
2006 |
| 300 ## - PHYSICAL DESCRIPTION |
| Extent |
xi; 47p. |
| Other physical details |
ill. |
| Dimensions |
29cm. |
| 942 ## - ADDED ENTRY ELEMENTS (KOHA) |
| Source of classification or shelving scheme |
|
| Koha item type |
LMA |